[Event "AUTO-ADV-4345"]
[Site "http://www.queenalice.com/game.php?id=1612594"]
[Date "2020.5.17"]
[Round "1"]
[White "robertson"]
[Black "Prosperidade"]
[Result "0-1"]
[WhiteElo "1713"]
[BlackElo "2015"]

1. e3 d5 2. h3 c5 3. Nf3 a6 4. d4 cxd4 5. exd4 Nc6 6. a3 Nf6 7. Nc3 h6 8. Qd3 e6
9. b4 Bd6 10. Be2 O-O 11. g4 e5 12. Qd2 e4 13. Ng1 Qc7 14. Bf1 Nxd4 15. Ra2 Be5
16. Nd1 b5 17. Bg2 Re8 18. Ne2 Nf3+ 19. Bxf3 exf3 20. Qd3 fxe2 21. Ne3 d4 22.
Ng2 Bb7 23. f3 Rad8 24. Kxe2 Bd5 25. Kd1 Bxa2 26. f4 Bd6 27. Rg1 Ne4 28. Ke1
Nc5+ 0-1

[Event "AUTO-ADV-4345"]
[Site "http://www.queenalice.com/game.php?id=1612611"]
[Date "2020.5.17"]
[Round "1"]
[White "robertson"]
[Black "pariolinius"]
[Result "1-0"]
[WhiteElo "1743"]
[BlackElo "1846"]

1. h3 d5 2. c3 Nf6 3. Nf3 Nc6 4. e3 e6 5. d3 Bd6 6. Nbd2 O-O 7. Nb3 e5 8. g4 e4
9. Nfd4 Nxd4 10. Nxd4 a6 11. Bd2 c5 12. Nf5 Bc7 13. f3 Bxf5 14. gxf5 Bg3+ 15.
Ke2 exd3+ 16. Kxd3 c4+ 17. Kc2 Qd7 18. Be2 Qxf5+ 19. Kc1 Rfe8 20. Qg1 Bd6 21.
Qg2 Bc5 22. Rg1 g6 23. Bd1 Qd3 24. Bc2 1-0

[Event "AUTO-ADV-4345"]
[Site "http://www.queenalice.com/game.php?id=1612612"]
[Date "2020.5.17"]
[Round "1"]
[White "pariolinius"]
[Black "robertson"]
[Result "1-0"]
[WhiteElo "1816"]
[BlackElo "1713"]

1. d4 e6 2. Nf3 h6 3. c4 Nc6 4. Bf4 Qf6 5. e3 Bb4+ 6. Nbd2 d6 7. a3 Ba5 8. b4
Bb6 9. Be2 a5 10. b5 Nd8 11. O-O g5 12. Bg3 Qe7 13. Nb3 a4 14. Nbd2 f6 15. Qc2
Qf7 16. Bd3 Ne7 17. c5 dxc5 18. dxc5 Ba7 19. Bxc7 O-O 20. Qxa4 Nd5 21. Bd6 Re8
22. Rac1 Bd7 23. c6 Nb6 24. Qb4 Nd5 25. Qb3 Bc8 26. Qc2 b6 27. Bg6 Qg7 28. Bxe8
Nf7 29. Bxf7+ Qxf7 30. e4 Nf4 31. Bxf4 gxf4 32. e5 f5 33. Nc4 Qf8 34. Nd6 Kg7
35. Qd2 Bb8 36. c7 Ba7 37. Qxf4 Kh8 38. Nh4 Qg7 39. Ne8 Qh7 40. Nf6 Qg7 41. Rfd1
Bb7 42. Rd8+ 1-0

[Event "AUTO-ADV-4345"]
[Site "http://www.queenalice.com/game.php?id=1612613"]
[Date "2020.5.17"]
[Round "1"]
[White "robertson"]
[Black "jlpbarreto"]
[Result "0-1"]
[WhiteElo "1701"]
[BlackElo "1970"]

1. h3 e5 2. e4 Nf6 3. Qf3 Nc6 4. c3 d5 5. d3 dxe4 6. dxe4 Be6 7. Ne2 Be7 8. Nd2
Qd7 9. Ng3 g5 10. Nf5 Bxf5 11. exf5 O-O-O 12. Be2 g4 13. hxg4 e4 14. Qe3 Rhe8
15. O-O Bf8 16. b3 Ne5 17. Qxa7 Nc6 18. Qa4 Qd5 19. Bc4 Qa5 20. Bb5 Qxa4 21.
bxa4 Nxg4 22. Nb3 Bg7 23. Bd2 Nge5 24. a3 Rg8 25. Rae1 Bf6 26. Re2 Nf3+ 27. Kh1
Nh4 28. g3 Nf3 29. Bc1 Rde8 30. Kg2 Bxc3 31. Re3 Bf6 32. Nc5 Bd4 33. Rxe4 Rxe4
34. Nxe4 Nh4+ 35. Kh3 Nxf5 36. Bd2 Rg6 37. a5 Nce7 38. Be2 Kd7 39. Bc4 f6 40. f3
Ne3 41. Bxe3 Bxe3 42. Rd1+ Kc8 43. Be6+ Kb8 44. Rd8+ Ka7 45. Rd7 Nc6 46. Rxh7
Nd4 47. Kg2 Nxe6 48. Nc3 c6 49. Ne4 Nf4+ 50. Kh2 Nd5 51. Nd6 Rh6+ 52. Rxh6 Bxh6
53. Kh3 Bc1 54. Nc4 Ne3 55. Nd6 Bxa3 56. Ne4 Bb2 57. g4 Nd5 58. Kh4 Nf4 59. Kg3
Nd5 60. Kh4 Bc3 61. Kh5 Bxa5 62. Kg6 Bd8 63. Kf5 b5 64. Ke6 Kb7 65. Nc5+ Kc8 66.
Kd6 Ne7 67. Ne4 Kb7 68. Nxf6 Nc8+ 69. Ke6 Bxf6 70. Kxf6 Kc7 71. g5 Kd7 72. Kf7
b4 73. f4 b3 74. g6 b2 75. f5 b1=Q 76. f6 Qxg6+ 77. Kxg6 Nd6 0-1

[Event "AUTO-ADV-4345"]
[Site "http://www.queenalice.com/game.php?id=1612614"]
[Date "2020.5.17"]
[Round "1"]
[White "jlpbarreto"]
[Black "robertson"]
[Result "1-0"]
[WhiteElo "1967"]
[BlackElo "1719"]

1. e4 e5 2. Nf3 Qf6 3. Nc3 c6 4. d4 exd4 5. Qxd4 Qxd4 6. Nxd4 h6 7. Bf4 Nf6 8.
O-O-O Ng4 9. Bg3 h5 10. h3 Nf6 11. Nf5 d6 12. Bxd6 Bxf5 13. exf5 Nbd7 14. Bxf8
Rxf8 15. Re1+ Kd8 16. Bc4 Kc7 17. Re7 b5 18. Bxf7 Kd8 19. Rhe1 Kc7 20. Be6 Kd6
21. Bb3 Rae8 22. R7e2 Kc7 23. Be6 Nc5 24. f3 Nxe6 25. fxe6 Re7 26. b4 h4 27. a4
a6 28. Re5 Ne8 29. axb5 axb5 30. Ne4 Kb6 31. Nc5 Rf4 32. c3 Nd6 33. Kc2 Nc4 34.
R5e4 g5 35. Rxf4 gxf4 36. Re4 Ne3+ 37. Kd2 Nxg2 38. Ke2 Ne3 39. Rxf4 Nd5 40. Rf7
Rc7 41. Nd7+ Kb7 42. Kd3 Rc8 43. Nf6+ Nc7 44. e7 Kb6 45. Rf8 Kb7 46. Rxc8 Kxc8
47. e8=Q+ Nxe8 48. Nxe8 Kd7 49. Nf6+ Ke6 50. Ng4 Kf5 51. Ke3 Ke6 52. Kd4 Kd6 53.
Nf2 Ke6 54. Kc5 Kd7 55. Nd1 Kc7 56. Ne3 1-0

[Event "AUTO-OPEN-4175"]
[Site "http://www.queenalice.com/game.php?id=1612655"]
[Date "2020.5.17"]
[Round "1"]
[White "mestre62"]
[Black "robertson"]
[Result "0-1"]
[WhiteElo "1385"]
[BlackElo "1733"]

1. e4 e5 2. d3 h6 3. Nf3 Nc6 4. Be2 Bc5 5. a3 Qf6 6. Nc3 a6 7. Nd5 Qd6 8. b4 Ba7
9. O-O Nge7 10. c4 Nxd5 11. cxd5 Nd4 12. Nxd4 exd4 13. Bg4 Qf6 14. Qf3 Qe7 15.
Qf4 Bb8 16. Bb2 c6 17. Qf3 Be5 18. Bh5 g6 19. Bg4 h5 20. Bh3 g5 21. Bf5 d6 22.
Bxc8 Rxc8 23. Qh3 g4 24. dxc6 gxh3 25. g3 Rg8 26. Kh1 Qf6 27. cxb7 Rb8 28. Rac1
Qd8 29. f4 Bf6 30. Rc6 Rxb7 31. Rxa6 Rb6 32. Rxb6 Qxb6 33. Rc1 Qa6 34. b5 Qxb5
35. Rc8+ Bd8 36. Rc2 Qxd3 0-1

[Event "AUTO-OPEN-4175"]
[Site "http://www.queenalice.com/game.php?id=1612656"]
[Date "2020.5.17"]
[Round "1"]
[White "robertson"]
[Black "mestre62"]
[Result "0-1"]
[WhiteElo "1763"]
[BlackElo "1355"]

1. Nf3 d6 2. e4 e5 3. d3 Be7 4. h3 Bd7 5. Nc3 h6 6. Nd5 Nf6 7. Nxe7 Qxe7 8. Be2
Nh5 9. g4 Nf4 10. Bf1 Nc6 11. a3 a6 12. c3 Be6 13. c4 Nd4 14. Nxd4 Ng6 15. Nxe6
Qxe6 16. Be3 O-O 17. h4 b6 18. h5 Nf4 19. g5 hxg5 20. h6 gxh6 21. Bxf4 exf4 22.
Bh3 Qf6 23. Rb1 c5 24. Kf1 Qd4 25. Bf5 a5 26. Rxh6 Kg7 27. Rg6+ fxg6 28. Bg4 a4
29. Bf3 Rh8 30. Kg2 Rae8 31. Be2 Rh2+ 0-1

[Event "AUTO-OPEN-4175"]
[Site "http://www.queenalice.com/game.php?id=1612677"]
[Date "2020.5.17"]
[Round "1"]
[White "robertson"]
[Black "Magogue"]
[Result "0-1"]
[WhiteElo "1745"]
[BlackElo "1577"]

1. e4 e5 2. a3 Nf6 3. Nc3 d5 4. Qf3 Bg4 5. Qd3 c6 6. h3 Bh5 7. g4 Bg6 8. f3 h6
9. Qe2 Bc5 10. d3 Qb6 11. Na4 Qa5+ 12. Nc3 d4 13. Bd2 dxc3 14. Bxc3 Qc7 15. Qd2
Nbd7 16. Ne2 Qb6 17. d4 exd4 18. Nxd4 O-O-O 19. Rb1 Ne5 20. Be2 Rxd4 21. Ba5
Rxd2 22. Bxb6 Rxe2+ 23. Kxe2 Bxb6 24. b3 Rd8 25. Rhf1 Bd4 26. f4 Nxe4 0-1

[Event "AUTO-OPEN-4175"]
[Site "http://www.queenalice.com/game.php?id=1612678"]
[Date "2020.5.17"]
[Round "1"]
[White "Magogue"]
[Black "robertson"]
[Result "1-0"]
[WhiteElo "1552"]
[BlackElo "1785"]

1. e4 e5 2. f4 exf4 3. Bc4 Bc5 4. d4 Bf8 5. Bxf4 Qh4+ 6. g3 Qd8 7. Nf3 Nf6 8.
Nc3 Nc6 9. O-O a6 10. Ng5 Qe7 11. Nxf7 Rg8 12. a3 h6 13. Bxc7 b5 14. Bd6 Qxf7
15. Bxf7+ Kxf7 16. Bxf8 Kxf8 17. e5 d6 18. exf6 g6 19. Qf3 Bb7 20. Qf4 Rd8 21.
Qxh6+ Kf7 22. Qh7+ Kf8 23. Qxb7 Nxd4 24. Qe7# 1-0

[Event "AUTO-OPEN-4175"]
[Site "http://www.queenalice.com/game.php?id=1612679"]
[Date "2020.5.17"]
[Round "1"]
[White "robertson"]
[Black "parapunzi"]
[Result "0-1"]
[WhiteElo "1745"]
[BlackElo "2511"]

1. e3 d5 2. a3 e5 3. h3 Bd6 4. Nc3 c6 5. d3 Ne7 6. e4 O-O 7. Nf3 f5 8. exd5 cxd5
9. d4 e4 10. Ng5 Nbc6 11. Qh5 h6 12. Ngxe4 fxe4 13. Bd2 Nxd4 14. Rc1 Be6 15. Qd1
Rxf2 16. Kxf2 Nef5 17. Ne2 Qh4+ 18. g3 e3+ 19. Bxe3 Bxg3+ 20. Kg2 Nxe3+ 0-1

[Event "AUTO-OPEN-4175"]
[Site "http://www.queenalice.com/game.php?id=1612680"]
[Date "2020.5.17"]
[Round "1"]
[White "parapunzi"]
[Black "robertson"]
[Result "1-0"]
[WhiteElo "2482"]
[BlackElo "1802"]

1. e4 e5 2. Nf3 Qf6 3. Nc3 c6 4. d4 exd4 5. Bg5 Qd6 6. Nxd4 g6 7. Qd2 c5 8. Ncb5
Qb6 9. Qf4 Na6 10. Qe5+ Ne7 11. Bxe7 Rg8 12. Nd6+ Qxd6 13. Bxd6+ Kd8 14. Qf6+
Ke8 15. Bc4 Rg7 16. Bxf8 1-0

[Event "Challenge"]
[Site "http://www.queenalice.com/game.php?id=1613183"]
[Date "2020.5.21"]
[Round "-"]
[White "MADMIKE"]
[Black "robertson"]
[Result "1-0"]
[WhiteElo "1871"]
[BlackElo "1735"]

1. d4 e6 2. e4 a6 3. Nf3 h6 4. Be2 d6 5. O-O Nd7 6. c4 Ngf6 7. Nc3 h5 8. Bg5 c6
9. e5 Qb6 10. exf6 g6 11. b3 Qd8 12. Ne4 Qc7 13. a3 Nb6 14. c5 Nd5 15. b4 Bd7
16. Qd2 b6 17. cxd6 Bxd6 18. Nxd6+ Qxd6 19. Bc4 Nc7 20. Qe3 O-O-O 21. Bf4 e5 22.
Bxe5 Qf8 23. Bxc7 Kxc7 24. Bxa6 Qd6 25. Ne5 Be6 26. Rac1 Kb8 27. Nxc6+ Kc7 28.
Nxd8+ Kxd8 29. Bc4 Re8 30. Bxe6 Rxe6 31. Qd3 Rxf6 32. b5 Qd5 33. a4 Qd7 34. d5
Ke8 35. Rfe1+ Kf8 36. Rc6 Rf5 37. Rd1 Qe7 38. d6 Qh4 39. Qe3 Kg7 40. d7 Qxf2+
41. Qxf2 Rxf2 42. Kxf2 1-0

[Event "Challenge"]
[Site "http://www.queenalice.com/game.php?id=1613184"]
[Date "2020.5.21"]
[Round "-"]
[White "robertson"]
[Black "MADMIKE"]
[Result "0-1"]
[WhiteElo "1724"]
[BlackElo "1847"]

1. e3 d5 2. h3 e5 3. a3 Nf6 4. d3 Be7 5. d4 e4 6. Bb5+ c6 7. Bf1 O-O 8. Nd2 b5
9. f3 Qa5 10. c3 c5 11. Nb3 Qb6 12. Bd2 c4 13. Nc1 Nc6 14. Nge2 Bd6 15. f4 Nd7
16. Ng3 f5 17. Be2 Qd8 18. O-O a6 19. Qe1 Nf6 20. Kf2 h5 21. Rh1 Be6 22. Kg1 h4
23. Nf1 Nh7 24. g3 hxg3 25. Nxg3 Nf6 26. b3 Qd7 27. Qf2 Bf7 28. Bf1 Be7 29. Bg2
Nh5 30. Nxh5 Bxh5 31. h4 Rf6 32. Rh2 Rg6 33. Kf1 Rg4 34. Qg1 Bxh4 35. Be1 Bxe1
36. Rxh5 Bh4 37. Qh1 Qe7 38. Rxf5 Qd8 39. Ra2 Ne7 40. Re5 Ng6 41. Rh5 Ra7 42.
Ne2 Rf7 43. Bh3 Nxf4 44. Bxg4 Nxh5+ 45. Kg2 Rf2+ 46. Kg1 Ng3 47. Qh3 Nxe2+ 48.
Rxe2 Qf6 49. Re1 cxb3 50. Be6+ Kh8 51. Bf5 b2 52. Rb1 g5 53. Qg4 Rxf5 54. Rxb2
Rf1+ 55. Kh2 Qd6+ 56. Kh3 Rh1+ 0-1

[Event "AUTO-ADV-4376"]
[Site "http://www.queenalice.com/game.php?id=1621131"]
[Date "2020.7.22"]
[Round "1"]
[White "ECCelestino"]
[Black "robertson"]
[Result "1-0"]
[WhiteElo "1975"]
[BlackElo "1649"]

1. e4 e6 2. d4 Bb4+ 3. c3 Bf8 4. Nf3 h6 5. Bd3 a6 6. O-O d6 7. Bf4 Qf6 8. Nbd2
Qxf4 9. Re1 Nd7 10. g3 Qf6 11. Bf1 Nb6 12. Bd3 Qd8 13. b3 Bd7 14. c4 Qe7 15. d5
e5 16. Bf1 O-O-O 17. a3 g5 18. a4 Nf6 19. a5 Na8 20. b4 c6 21. Rc1 Bg4 22. Bg2
Kd7 23. Qa4 Ke8 24. dxc6 bxc6 25. Qxc6+ Bd7 26. Qxa6 Nc7 27. Qb6 Na8 28. Qe3 Ba4
29. b5 Ng4 30. Qa3 Bxb5 31. cxb5 Qa7 32. Rf1 Be7 33. Qa4 Kf8 34. Nc4 Nf6 35. b6
Qa6 36. Nfd2 Nd7 37. Rb1 1-0

[Event "AUTO-ADV-4376"]
[Site "http://www.queenalice.com/game.php?id=1621132"]
[Date "2020.7.22"]
[Round "1"]
[White "robertson"]
[Black "ECCelestino"]
[Result "0-1"]
[WhiteElo "1685"]
[BlackElo "1970"]

1. e3 e5 2. a3 d5 3. Nc3 Nf6 4. h3 Bc5 5. Na4 Bd6 6. Bb5+ c6 7. Be2 Bd7 8. Nf3
O-O 9. O-O c5 10. Nc3 Nc6 11. Nb5 Be7 12. c3 a6 13. d4 axb5 14. dxe5 Ne4 15. Qb3
c4 16. Qd1 Be6 17. Nh2 Na5 18. Rb1 f6 19. Nf3 fxe5 20. Nxe5 Qd6 21. f4 Ng3 22.
Rf2 Bh4 23. Bf3 Rad8 24. Bd2 Bf5 25. Ra1 Qe6 26. Be2 Bxh3 27. gxh3 Qxh3 28. Rh2
Nxe2+ 29. Qxe2 Qg3+ 30. Kh1 Nb3 0-1

[Event "AUTO-ADV-4376"]
[Site "http://www.queenalice.com/game.php?id=1621147"]
[Date "2020.7.22"]
[Round "1"]
[White "IranSilva"]
[Black "robertson"]
[Result "1-0"]
[WhiteElo "2128"]
[BlackElo "1689"]

1. c4 e6 2. g3 Nc6 3. Bg2 Ne5 4. b3 a6 5. Bb2 Nc6 6. Nf3 h6 7. O-O Nge7 8. d4
Nf5 9. e4 Nfe7 10. Nc3 Ng6 11. d5 Nce7 12. e5 d6 13. exd6 Qxd6 14. Qe2 c6 15.
Ne4 Qc7 16. d6 Qb8 17. dxe7 Nxe7 18. Be5 Qa7 19. Nd6+ Kd8 20. Nxf7+ Ke8 21. Nxh8
b6 22. Nd4 Bd7 23. Qh5+ Kd8 24. Qf7 Kc8 25. Qxf8+ Kb7 26. Qxe7 Kc8 27. Nxe6 1-0

[Event "AUTO-ADV-4376"]
[Site "http://www.queenalice.com/game.php?id=1621148"]
[Date "2020.7.22"]
[Round "1"]
[White "robertson"]
[Black "IranSilva"]
[Result "0-1"]
[WhiteElo "1687"]
[BlackElo "2129"]

1. e3 c5 2. Na3 Nc6 3. h3 g6 4. Nf3 Bg7 5. c3 Nf6 6. d3 d5 7. d4 cxd4 8. exd4
O-O 9. Bd3 a6 10. O-O Re8 11. Nc2 Qc7 12. Ne3 e6 13. Ng4 Nxg4 14. hxg4 e5 15.
Re1 Bxg4 16. Be2 exd4 17. Bd2 dxc3 18. bxc3 Re7 19. Rb1 Rae8 20. Be3 Bxc3 21.
Bb6 Qd6 22. Be3 Bxe1 23. Qxe1 Bxf3 24. Bxf3 d4 25. Rd1 Qf6 26. Rd3 dxe3 0-1

[Event "AUTO-ADV-4376"]
[Site "http://www.queenalice.com/game.php?id=1621157"]
[Date "2020.7.22"]
[Round "1"]
[White "maurice91"]
[Black "robertson"]
[Result "1-0"]
[WhiteElo "1764"]
[BlackElo "1646"]

1. d4 e6 2. Bf4 h6 3. h3 Nf6 4. Nd2 Nh5 5. Bh2 Nc6 6. c3 d6 7. e4 g6 8. Be2 Ng7
9. f4 Qh4+ 10. g3 Qe7 11. Ngf3 f5 12. e5 d5 13. Qc2 a6 14. Kf2 Bd7 15. c4 Qd8
16. a3 g5 17. b4 g4 18. hxg4 Qe7 19. gxf5 Nxf5 20. Qb2 Rg8 21. Rae1 Qg7 22. Rhg1
Be7 23. cxd5 exd5 24. Qc3 Rc8 25. Bd3 Nd8 26. Bxf5 Bxf5 27. Nh4 Bg4 28. Nb3 b6
29. Ng2 Bd7 30. Ne3 c6 31. Qd2 Qg6 32. Ng2 Rf8 33. Re3 Ne6 34. Ke1 Ng7 35. Rf1
c5 36. dxc5 Bc6 37. Bg1 h5 38. Rc3 Nf5 39. Bf2 d4 40. Nxd4 Bxg2 41. Rg1 Be4 42.
cxb6 1-0

[Event "AUTO-ADV-4376"]
[Site "http://www.queenalice.com/game.php?id=1621158"]
[Date "2020.7.22"]
[Round "1"]
[White "robertson"]
[Black "maurice91"]
[Result "0-1"]
[WhiteElo "1703"]
[BlackElo "1746"]

1. e3 c6 2. Nf3 g6 3. Nc3 Bg7 4. Ne4 d5 5. Nc5 b6 6. Nb3 Bb7 7. c4 e6 8. Qc2 Ne7
9. c5 Nd7 10. cxb6 axb6 11. Nbd4 Qc7 12. Ne2 e5 13. d4 e4 14. Nd2 O-O 15. f3
Rfc8 16. Nc3 f5 17. f4 Qd6 18. Be2 c5 19. Qb1 cxd4 20. Nb5 Qb8 21. Nb3 d3 22.
Bd1 Ba6 23. N5d4 Bxd4 24. Nxd4 Nc6 25. O-O Nxd4 26. Rf2 Ne2+ 27. Rxe2 dxe2 28.
Bxe2 Bxe2 29. Bd2 Bd3 30. Qe1 Rc2 31. Bc3 Nc5 32. h3 Na4 33. Bd4 Nxb2 34. Qh4
Qf8 35. Qg3 b5 36. h4 Be2 37. Qe1 Nd3 38. Qg3 b4 39. Kh2 b3 0-1

[Event "AUTO-INT-3565"]
[Site "http://www.queenalice.com/game.php?id=1621238"]
[Date "2020.7.23"]
[Round "1"]
[White "Erlofabr"]
[Black "robertson"]
[Result "1-0"]
[WhiteElo "1693"]
[BlackElo "1664"]

1. e4 e5 2. g3 a6 3. Nf3 Nc6 4. c4 Nf6 5. Nc3 h6 6. Bd3 Nb4 7. Be2 Bd6 8. a3 Nc6
9. Qb3 Na5 10. Qa2 Ng8 11. b4 Nc6 12. c5 Bf8 13. b5 Nd4 14. Nxe5 Ne6 15. Bh5 g6
16. Be2 d6 17. Ng4 Nd4 18. e5 Nxe2 19. Nxe2 Bxg4 20. Nc3 dxc5 21. O-O Be6 22.
Qb2 Qd3 23. b6 c6 24. Re1 O-O-O 25. Re3 Qf5 26. f3 c4 27. g4 Qg5 28. Ne4 Qe7 29.
d4 cxd3 30. Bd2 g5 31. Bb4 Qd7 32. Rd1 1-0

[Event "AUTO-INT-3565"]
[Site "http://www.queenalice.com/game.php?id=1621239"]
[Date "2020.7.23"]
[Round "1"]
[White "robertson"]
[Black "Erlofabr"]
[Result "0-1"]
[WhiteElo "1680"]
[BlackElo "1677"]

1. e3 e5 2. Nc3 Nf6 3. a3 d5 4. h3 Bc5 5. Na4 Qe7 6. Nxc5 Qxc5 7. b4 Qb6 8. Nf3
Nbd7 9. Be2 e4 10. Nd4 g6 11. c3 h5 12. d3 g5 13. Nf5 Ne5 14. Ng3 c5 15. Qa4+
Bd7 16. Qd1 h4 17. Nf1 g4 18. Bb2 c4 19. d4 Ng6 20. f3 exf3 21. gxf3 g3 22. Rg1
Bxh3 23. Kd2 g2 24. Nh2 Qd6 25. f4 Ne4+ 26. Kc1 Nxf4 27. Kb1 Nxe2 28. Qxe2 Qxh2
29. Ka2 a5 30. b5 Qd6 31. a4 Ng3 32. Qf3 Rf8 0-1

[Event "AUTO-INT-3565"]
[Site "http://www.queenalice.com/game.php?id=1621248"]
[Date "2020.7.23"]
[Round "1"]
[White "Krajnicov"]
[Black "robertson"]
[Result "1-0"]
[WhiteElo "1632"]
[BlackElo "1635"]

1. e4 e6 2. Bc4 Qg5 3. g3 Nc6 4. c3 Ne5 5. Nf3 Qf6 6. Be2 Nc6 7. Nh4 a6 8. d4 e5
9. Bc4 d6 10. Rg1 g5 11. Nf5 Bxf5 12. exf5 O-O-O 13. g4 exd4 14. Bd2 Rd7 15. Qf3
Re7+ 16. Kf1 Nh6 17. Bxa6 Nd8 18. Bb5 c6 19. Bd3 b6 20. Na3 d5 21. Qg3 Rc7 22.
f3 Bd6 23. Qh3 Ng8 24. Qh5 h6 25. b4 1-0

[Event "AUTO-INT-3565"]
[Site "http://www.queenalice.com/game.php?id=1621249"]
[Date "2020.7.23"]
[Round "1"]
[White "robertson"]
[Black "Krajnicov"]
[Result "0-1"]
[WhiteElo "1619"]
[BlackElo "1648"]

1. h3 e5 2. e3 Bc5 3. Nc3 c6 4. Nf3 f6 5. Nxe5 fxe5 6. Qh5+ Kf8 7. Qxe5 d6 8.
Qf4+ Nf6 9. Ne4 a5 10. Nxc5 dxc5 11. a4 Be6 12. Be2 Kf7 13. c4 Re8 14. b3 Nd7
15. g4 Kg8 16. g5 Ne4 17. Qxe4 Qxg5 18. Bb2 Bd5 19. Qg4 Qxg4 20. hxg4 Bxh1 21.
O-O-O Be4 22. g5 Ne5 23. Bc3 Nd3+ 24. Bxd3 Bxd3 25. Kb2 Ra6 26. Ka3 Rb6 27. Bxa5
Bc2 28. Bxb6 Bxd1 0-1